000 00903naa a22002537a 4500
001 BR8805130
003 BR-BrBNA
005 20240918180302.0
007 ta
008 230509b bl.||||| |||| 00| 0 por d
040 _aBR-BrBNA
_bpor
_cBiblioteca Nacional de Agricultura
041 _a(Pt)
072 _aL10; U10
090 _aL10 BR8805130
100 1 _aDuarte, G.G.
245 1 _aProblemas ligados a estimacao de parametros geneticos [modelo matematico, genetica animal]
260 3 _aPirassununga, SP (Brasil):
_c1978.
500 _a3. Semana de Zootecnia - melhoramento animal Pirassununga, SP (Brasil): 1978. p. 30-33 (BR8805130-AM)L10
650 _aGENETICA ANIMAL
650 _aANALISE ESTATISTICA
773 0 _t3. Semana de Zootecnia - melhoramento animal
_wL10 BR8805130
_gPirassununga, SP (Brasil), 1978. p. 30-33
909 _a202404
_bLucia
_c55
_dLucia Elande
942 _cAM
_2AGRIS
999 _c319591
_d319591